Origin and growth of rural service centres (Record no. 354584)

000 -LEADER
fixed length control field 00419cam a22001337a 4500
008 - FIXED-LENGTH DATA ELEMENTS--GENERAL INFORMATION
fixed length control field 180718b1990 xxu||||| |||| 00| 0 eng d
082 ## - DEWEY DECIMAL CLASSIFICATION NUMBER
Classification number B136x5421 Sh23 CRS
100 ## - MAIN ENTRY--PERSONAL NAME
Personal name Sharma, Sone Lal
245 ## - TITLE STATEMENT
Title Origin and growth of rural service centres
Statement of responsibility, etc. by Sone Lal Sharma
260 ## - PUBLICATION, DISTRIBUTION, ETC.
Place of publication, distribution, etc. Delhi
Name of publisher, distributor, etc. Criterion
Date of publication, distribution, etc. 1990
300 ## - PHYSICAL DESCRIPTION
Extent 229p.
650 ## - SUBJECT ADDED ENTRY--TOPICAL TERM
Topical term or geographic name entry element Rural service centres - India - U.P.
650 ## - SUBJECT ADDED ENTRY--TOPICAL TERM
Topical term or geographic name entry element Rural development - India - U.P.
Holdings
Withdrawn status Lost status Damaged status Not for loan Permanent Location Current Location Date acquired Full call number Barcode Date last seen Price effective from Koha item type
        Indian Institute of Public Administration Indian Institute of Public Administration 1993-12-13 B136x5421 Sh23 CRS 65133 2018-07-21 2018-07-21 Book

Powered by Koha